000
00205nam a22001217a 4500
040
_c
SK
082
_a
574
100
_a
NA
245
_a
Ecology
260
_a
CC
_b
CAR
_c
1995
300
_a
88p.
942
_c
EK
999
_c
9488
_d
9488